An Investigation of computer programs, practices and skills of grade 6 students from some Philippine Schools. (Record no. 96101)
[ view plain ]
| 000 -LEADER | |
|---|---|
| fixed length control field | 00575nam a2200157 a 4500 |
| 003 - CONTROL NUMBER IDENTIFIER | |
| control field | PILC |
| 005 - DATE AND TIME OF LATEST TRANSACTION | |
| control field | 20150217180811.0 |
| 008 - FIXED-LENGTH DATA ELEMENTS--GENERAL INFORMATION | |
| fixed length control field | 021022s19uu xx 00 eng d |
| 050 ## - LIBRARY OF CONGRESS CALL NUMBER | |
| Classification number | PGS '97 |
| Item number | TAN #4 |
| 050 ## - LIBRARY OF CONGRESS CALL NUMBER | |
| Classification number | PGS '97 |
| Item number | TAN #4 |
| 050 ## - LIBRARY OF CONGRESS CALL NUMBER | |
| Classification number | PGS '97 |
| Item number | TAN #4 |
| 100 ## - MAIN ENTRY--PERSONAL NAME | |
| Personal name | Tan, Rex Wallen |
| 245 ## - TITLE STATEMENT | |
| Title | An Investigation of computer programs, practices and skills of grade 6 students from some Philippine Schools. |
| 856 ## - ELECTRONIC LOCATION AND ACCESS | |
| Uniform Resource Identifier | <a href="http://library.southville.edu.ph:8080/jspui/bitstream/123456789/44/1/A%20Research%20Paper%20REX%20WALLEN%20LEDESMA%20TAN.pdf">http://library.southville.edu.ph:8080/jspui/bitstream/123456789/44/1/A%20Research%20Paper%20REX%20WALLEN%20LEDESMA%20TAN.pdf</a> |
| 942 ## - ADDED ENTRY ELEMENTS (KOHA) | |
| Koha item type | PASS |
| Source of classification or shelving scheme | Library of Congress Classification |
| Withdrawn status | Lost status | Damaged status | Home library | Current library | Shelving location | Date acquired | Source of acquisition | Total Checkouts | Full call number | Barcode | Date last seen | Price effective from | Koha item type |
|---|---|---|---|---|---|---|---|---|---|---|---|---|---|
| Luxembourg Library | Luxembourg Library | Portfolio Assessment of SISC Students Section | 11/12/2002 | PGS '97 TAN #4 | P0006 | 04/08/2014 | 04/08/2014 | PASS | |||||
| Luxembourg Library | Luxembourg Library | Portfolio Assessment of SISC Students Section | 06/11/2003 | PGS '97 TAN #4 | P0370 | 04/08/2014 | 04/08/2014 | PASS | |||||
| Luxembourg Library | Luxembourg Library | Portfolio Assessment of SISC Students Section | 12/01/2004 | PGS '97 TAN #4 | P0949 | 04/08/2014 | 04/08/2014 | PASS |